004180000a22001210004500090001700000245005500017041001400072700003500086100003900121942001300160773010600173999001700279 aASbSeriadas10aNueva especie de Trixis () de Colombia0 aEspañol1 aVélez Nauer, Cristina9991111 aDíaz Piedrahita, Santiago995842 cARTICULO1 tRevista de la Academia Colombiana de Ciencias Exactas, Fisicas y Naturales332h69q149-151d1991g18 c14105d14105